Kaikki Aasian liput - Äkkikuolema - Statistics

Yleistilastot
  • Tätä visaa on pelattu 3 662 kertaa
  • Keskiarvotulos 22 / 48
Answers on the Grid
Answers color-coded by a green-red scale on the quiz's grid according to % correct below.
 
Vastaustilastot
Vastaus % Oikein
Japani
61%
Etelä-Korea
59%
Nepal
57%
Intia
56%
Kiina
56%
Pohjois-Korea
55%
Israel
55%
Kazakstan
51%
Thaimaa
51%
Bhutan
51%
Saudi-Arabia
51%
Sri Lanka
51%
Georgia
50%
Irak
50%
Qatar
50%
Bangladesh
49%
Vietnam
49%
Kambodža
49%
Libanon
48%
Turkki
48%
Pakistan
48%
Afganistan
48%
Mongolia
47%
Singapore
47%
Bahrain
47%
Iran
47%
Malesia
46%
Laos
46%
Filippiinit
45%
Turkmenistan
45%
Uzbekistan
45%
Taiwan
44%
Azerbaidžan
44%
Kirgisia
43%
Kuwait
40%
Kypros
39%
Tadžikistan
39%
Indonesia
39%
Yhdistyneet arabiemiraatit
39%
Brunei
39%
Jordania
39%
Malediivit
37%
Oman
37%
Jemen
37%
Armenia
37%
Syyria
36%
Myanmar
35%
Itä-Timor
31%
Ehtoja vastaavia visoja ei löytynyt
Tulosjakauma
Jokaisen tuloksen saaneiden osuus
Persentiili vastausten määrän mukaan
Tuloshistoriasi
Et ole pelannut tätä visaa